| 000 | 00784nam a22002417a 4500 | ||
|---|---|---|---|
| 650 | 7 |
_aJudaísmo _xHistoria _2 _96884 |
|
| 999 |
_c33258 _d33258 |
||
| 001 | 2349 | ||
| 003 | CO-MdFUSB | ||
| 005 | 20220625062545.0 | ||
| 008 | 170927t1969 s ||||| |||| 00| 0 spa d | ||
| 040 |
_aCO-MdFUSB _bspa _cCO-MdFUSB _dCO-MdFUSBC _erda |
||
| 041 | 0 | _aspa | |
| 082 | 0 | 4 | _aG 224 G6431p |
| 100 | 1 |
_aGonzález Núñez, Ángel (1925-) _eautor |
|
| 245 | 1 | 0 |
_aProfetismo y sacerdocio _b : Profetas, sacerdotes y reyes en el antiguo Israel _c/ Ángel González |
| 264 | 4 |
_aMadrid, España : _b Casa de la Biblia, _c©1969 |
|
| 300 | _a366 Pag | ||
| 336 |
_2rdacontent _atexto _btxt |
||
| 337 |
_2rdamedia _asin mediación _bn |
||
| 338 |
_2rdacarrier _avolumen _bnc |
||
| 653 | _aJudaísmo - Historia - periodo antiguo | ||
| 942 | _cBK | ||